The timeless writings of C. S. Lewis (Record no. 10645)

MARC details
000 -LEADER
fixed length control field 01526nam a2200337Ia 4500
001 - CONTROL NUMBER
control field 35832663
003 - CONTROL NUMBER IDENTIFIER
control field OCoLC
005 - DATE AND TIME OF LATEST TRANSACTION
control field 20250423141717.0
008 - FIXED-LENGTH DATA ELEMENTS--GENERAL INFORMATION
fixed length control field 961101s1996 nyuab b 001 0 eng d
020 ## - INTERNATIONAL STANDARD BOOK NUMBER
International Standard Book Number 0884861511 :
020 ## - INTERNATIONAL STANDARD BOOK NUMBER
International Standard Book Number 9780884865285
035 ## - SYSTEM CONTROL NUMBER
System control number (OCoLC)35832663
040 ## - CATALOGING SOURCE
Original cataloging agency OCO
Transcribing agency OCO
Modifying agency OUN
082 ## - DEWEY DECIMAL CLASSIFICATION NUMBER
Classification number 230
Item number LEW 1
090 ## - LOCALLY ASSIGNED LC-TYPE CALL NUMBER (OCLC); LOCAL CALL NUMBER (RLIN)
Classification number (OCLC) (R) ; Classification number, CALL (RLIN) (NR) PR6023.E926
Local cutter number (OCLC) ; Book number/undivided call number, CALL (RLIN) A6 1996x
100 1# - MAIN ENTRY--PERSONAL NAME
Personal name Lewis, C. S.
Fuller form of name (Clive Staples),
Dates associated with a name 1898-1963
245 14 - TITLE STATEMENT
Title The timeless writings of C. S. Lewis
250 ## - EDITION STATEMENT
Edition statement 1st Inspirational Press ed
260 ## - PUBLICATION, DISTRIBUTION, ETC.
Place of publication, distribution, etc. New York :
Name of publisher, distributor, etc. Inspirational Press,
Date of publication, distribution, etc. 1996
300 ## - PHYSICAL DESCRIPTION
Extent 537 p. :
Other physical details ill., map ;
Dimensions 25 cm
504 ## - BIBLIOGRAPHY, ETC. NOTE
Bibliography, etc. note Includes bibliographical references and index
505 0# - FORMATTED CONTENTS NOTE
Formatted contents note The pilgrim's regress -- Christian reflections -- God in the dock
505 0# - FORMATTED CONTENTS NOTE
Formatted contents note Lewis's three-in-one anthology reflects the beloved author's wide range of interests and desire to relate faith to every area of life! Includes The Pilgrim's Regress, the first book he wrote after his conversion to Christianity; Christian Reflections, shorter writings on Christianity and culture; and God in the Dock, apologetic essays on science, religion, and more
630 ## - SUBJECT ADDED ENTRY--UNIFORM TITLE
Uniform title The collected works of C. S. Lewis
650 #0 - SUBJECT ADDED ENTRY--TOPICAL TERM
Topical term or geographic name entry element Theology
650 #0 - SUBJECT ADDED ENTRY--TOPICAL TERM
Topical term or geographic name entry element Christianity
Chronological subdivision 20th century
700 12 - ADDED ENTRY--PERSONAL NAME
Personal name Lewis, C. S.
Fuller form of name (Clive Staples),
Dates associated with a name 1898-1963.
Title of a work Pilgrim's regress
700 12 - ADDED ENTRY--PERSONAL NAME
Personal name Lewis, C. S.
Fuller form of name (Clive Staples),
Dates associated with a name 1898-1963.
Title of a work Christian reflections
700 12 - ADDED ENTRY--PERSONAL NAME
Personal name Lewis, C. S.
Fuller form of name (Clive Staples),
Dates associated with a name 1898-1963.
Title of a work God in the dock
942 ## - ADDED ENTRY ELEMENTS (KOHA)
Source of classification or shelving scheme Dewey Decimal Classification
Koha item type Books
Suppress in OPAC No
Holdings
Withdrawn status Lost status Source of classification or shelving scheme Damaged status Not for loan Home library Current Library Shelving location Date acquired Total checkouts Full call number Barcode Date last seen Copy number Price effective from Koha item type
    Dewey Decimal Classification     GRACE BIBLE COLLEGE GRACE BIBLE COLLEGE Theology 2025-04-23   230 LEW 020956 2025-05-01 c.1 2025-04-23 Books
© Grace Bible College Library 2025